000 00597nam a2200241 i 4500
001 C2-0123293
003 PPAK
005 20180727114255.0
008 970830s1995 enk |||| ||||| | eng d
020 _a0099177811
040 _aPPAK
_beng
_cPPAK
_erda
082 0 4 _a823
_223
090 0 0 _a823
_bFOX
_dG
100 1 _aFox, Vanessa,
_eauthor
245 1 0 _aAspen
264 1 _aLondon :
_bArrow Books ,
_c1995
300 _a382 pages ;
_c18 cm
336 _2rdacontent
_atext
337 _2rdamedia
_aunmediated
338 _2rdacarrier
_avolume
650 1 0 _aEnglish fiction
942 _ddc
_cB
999 _c35843
_d35843